00386nam a2200157Ia 45000010006000000050017000060080041000230410008000640820016000721000042000882450045001302600009001753000028001846500008002126540008002202504320260414151123.0260414t2014||||xx |||||||||||||| ||spa|| aESP a346.13bG14 aGálvez Aliaga, Iván LeonardoeAUT 0aManual de derecho registral y notarialb c2014 a421 páginas :c24 cm. aDER aCDE